01330nam a22002177a 4500003000900000008004100009020001800050040007100068082002400139100003600163245013400199260005300333300007500386505038800461650005100849650005000900650004500950650005100995650003401046700003201080AR-CdUCM190325b ||||| |||| 00| 0 spa d a9786120023761 aMUNICIPALIDAD PROVINCIAL DEL CUSCOcBIBLIOTECA MUNICIPAL DEL CUSCO a338.985142 / bEL95 aElías Minaya, José Fernando aEstudios económicos y socioculturales de los valles de Coina y Chuquizongo cJosé F. Elías Minaya; Heider Escalante Gómez aLa Libertad : b[Multigráfica Burgos], c2016. aXVI, 408 páginas; bilustración, fotografías, cuadros ; c21 cm. aContenido: Aproximación para construir una propuesta de un modelo de investigación y promoción del desarrollo interdisciplinario y transdisciplinario en ámbitos rurales -- Investigación científica y promoción del desarrollo en los valles de Coina y Chuquizongo en el marco del modelo de intervención interdisciplinaria e interinstitucional en ámbitos rurales ... aDesarrollo económico - Perú - La Libertad. aDesarrollo agrícola - Perú - La Libertad. aDesarrollo rural - Perú - La Libertad. aCondiciones económicas - Coina - Chuquizongo aCondiciones sociales - Otuzco aEscalante Gómez, Heider